[Event "Saint John op-2"]
[Site "Saint John CAN"]
[Date "1988.??.??"]
[Round "?"]
[White "Ivanovic, Bozidar"]
[Black "Gonzalez Rodriguez, Jorge Armando"]
[Result "1-0"]
[WhiteElo "2530"]
[BlackElo "2375"]
[PlyCount "63"]
[GameId "2160767912586749"]
[EventDate "1988.02.08"]
[EventType "swiss"]
[EventRounds "9"]
[EventCountry "CAN"]
[SourceTitle "CBM 006"]
[Source "ChessBase"]
[SourceDate "2004.01.01"]
[SourceVersion "1"]
[SourceVersionDate "2004.01.01"]
[SourceQuality "1"]

1. e4 e6 2. d4 d5 3. e5 b6 4. c3 Qd7 5. h4 Ne7 6. h5 h6 7. Nd2 c5 8. Nh3 Ba6 9. Bxa6 Nxa6 10. Nf4 O-O-O 11. a3 Kb7 12. b4 cxd4 13. cxd4 Rc8 14. Rh3 Nb8 15. Nd3 f6 16. Bb2 Nbc6 17. Nb3 Nd8 18. a4 Nec6 19. Ba3 Ka8 20. b5 Bxa3 21. Rxa3 Ne7 22. Qa1 Rc7 23. a5 Qxb5 24. axb6 Qxb6 25. Nbc5 Nec6 26. Re3 fxe5 27. Re2 Nb4 28. Rb2 Nxd3+ 29. Rxd3 Qd6 30. Qa3 Nf7 31. Rdb3 Rhc8 32. Rb7 1-0

[Event "Saint John op-2"]
[Site "Saint John CAN"]
[Date "1988.??.??"]
[Round "?"]
[White "Ivanovic, Bozidar"]
[Black "Levitt, Jonathan"]
[Result "1/2-1/2"]
[WhiteElo "2530"]
[BlackElo "2440"]
[PlyCount "142"]
[GameId "2160767912586750"]
[EventDate "1988.02.08"]
[EventType "swiss"]
[EventRounds "9"]
[EventCountry "CAN"]
[SourceTitle "CBM 06"]

1. e4 e6 2. d4 d5 3. e5 c5 4. c3 Nc6 5. Nf3 Bd7 6. a3 c4 7. h4 Qc7 8. h5 O-O-O 9. Nh4 f6 10. f4 g5 11. Nf3 g4 12. Nh2 f5 13. Be2 Na5 14. Nd2 Kb8 15. Rb1 Ne7 16. Nhf1 Nc8 17. Ne3 Nb6 18. Kf2 Be7 19. Qe1 Ba4 20. Kg1 Rhg8 21. Ndf1 Qd7 22. Bd2 Bb3 23. Ra1 Rc8 24. Ng3 Rcf8 25. Bf1 Ka8 26. Ne2 Qa4 27. Qb1 Qd7 28. Qe1 Rc8 29. Nc1 Qa4 30. Qe2 Bc2 31. Nxc2 Qxc2 32. Be1 Qxe2 33. Bxe2 Rc6 34. Bd1 Rb8 35. Bh4 Bf8 36. g3 h6 37. Rh2 Nd7 38. Kf1 b5 39. Na2 Rcb6 40. Bc2 R6b7 41. Re2 Nb6 42. Rb1 Nc6 43. Nb4 Rc8 44. Nxc6 Rxc6 45. Bd8 Nc8 46. Ba5 Ra6 47. Bb4 Bxb4 48. axb4 Ra2 49. Ree1 Rb6 50. Ke2 Kb8 51. Ra1 Rba6 52. Rxa2 Rxa2 53. Kd2 Kc7 54. Kc1 Ra1+ 55. Bb1 Nb6 56. Kc2 Kb7 57. Rg1 Nc8 58. Kc1 Kc7 59. Re1 Kb6 60. b3 Ra3 61. Bc2 Ra1+ 62. Bb1 cxb3 63. Kb2 Ra4 64. Kxb3 Ne7 65. Kb2 Nc8 66. Bc2 Ra6 67. Bd3 Ne7 68. Rg1 Nc8 69. Bc2 Kc6 70. Bb3 Nb6 71. Re1 Kc7 1/2-1/2

[Event "Saint John op-2"]
[Site "Saint John CAN"]
[Date "1988.??.??"]
[Round "?"]
[White "Ivanovic, Bozidar"]
[Black "Toshkov, Tihomir"]
[Result "1/2-1/2"]
[WhiteElo "2530"]
[BlackElo "2395"]
[PlyCount "61"]
[GameId "2160767912586752"]
[EventDate "1988.02.08"]
[EventType "swiss"]
[EventRounds "9"]
[EventCountry "CAN"]
[SourceTitle "CBM 06"]

1. e4 e6 2. d4 d5 3. Nd2 c5 4. Ngf3 Nc6 5. exd5 exd5 6. Bb5 Bd6 7. dxc5 Bxc5 8. O-O Nge7 9. Nb3 Bd6 10. Nbd4 O-O 11. c3 Bg4 12. Qa4 Qd7 13. h3 Bh5 14. Re1 a6 15. Bd3 Bg6 16. Bxg6 Nxg6 17. Be3 Rfe8 18. Rad1 b5 19. Qc2 Na5 20. Qf5 Qb7 21. Nb3 Nc4 22. Qxd5 Qxd5 23. Rxd5 Bf4 24. Bxf4 Nxf4 25. Rxe8+ Rxe8 26. Rf5 Ne2+ 27. Kf1 Nxb2 28. Rc5 Nc4 29. Rc6 Nxc3 30. Rxa6 h6 31. Nbd4 1/2-1/2

[Event "Saint John op-2"]
[Site "Saint John CAN"]
[Date "1988.??.??"]
[Round "?"]
[White "Izrailov, Inna"]
[Black "Johnstone, Glenn"]
[Result "0-1"]
[WhiteElo "2205"]
[BlackElo "2350"]
[PlyCount "178"]
[GameId "2160767912586753"]
[EventDate "1988.02.08"]
[EventType "swiss"]
[EventRounds "9"]
[EventCountry "CAN"]
[SourceTitle "CBM 06"]

1. e4 e5 2. Nf3 Nc6 3. d4 exd4 4. Bc4 Bc5 5. c3 Nf6 6. e5 d5 7. Bb5 Ne4 8. b4 Be7 9. Nxd4 Bd7 10. Bxc6 bxc6 11. Nb3 f6 12. f3 Ng5 13. Bxg5 fxg5 14. O-O O-O 15. Qe2 Qc8 16. N1d2 Be6 17. Qe3 Qa6 18. Rfe1 Qb6 19. Nc5 Bxc5 20. bxc5 Qa6 21. Qxg5 Rfe8 22. Nb3 Rab8 23. f4 Qd3 24. Rad1 Qxc3 25. f5 h6 26. Qg4 Rb4 27. Qg6 Bf7 28. Qg3 Qxg3 29. hxg3 Reb8 30. Rd2 Rc4 31. Rf2 a5 32. Nxa5 Rxc5 33. Nb3 Rc3 34. g4 c5 35. e6 Be8 36. f6 gxf6 37. Rxf6 d4 38. Rxh6 d3 39. Rh3 Rbxb3 40. axb3 d2 41. Rf1 Rc1 42. Rhf3 d1=Q 43. Rxd1 Rxd1+ 44. Kf2 Rd2+ 45. Kg3 Re2 46. Rf5 Rxe6 47. Rxc5 c6 48. Kf4 Kf7 49. b4 Re2 50. g3 Rb2 51. Rc4 Ke6 52. Re4+ Kd7 53. Ke5 Rb3 54. Kf4 Bf7 55. g5 Bg6 56. Rd4+ Ke6 57. Rc4 Kd5 58. Rc5+ Kd6 59. Rc4 Bd3 60. Rd4+ Ke6 61. g4 Bg6 62. Rc4 Kd5 63. Rc5+ Kd6 64. Rc4 Bd3 65. Rd4+ Ke6 66. Ke3 Bc4+ 67. Kf4 Bd5 68. g6 Kf6 69. g5+ Kxg6 70. Kg4 Rb1 71. Kf4 Rf1+ 72. Ke5 Rf5+ 73. Kd6 Bf3 74. Rc4 Rb5 75. Rf4 Bd5 76. Rg4 Kf5 77. Rg1 Rxb4 78. g6 Rb8 79. g7 Rg8 80. Ke7 Ke5 81. Rg5+ Kf4 82. Rg1 Ke5 83. Rg5+ Kd4 84. Kd6 Kc4 85. Rg4+ Kb5 86. Rg5 Kb6 87. Rg1 Bc4 88. Rb1+ Bb5 89. Rg1 c5 0-1

[Event "Saint John op-2"]
[Site "Saint John CAN"]
[Date "1988.??.??"]
[Round "?"]
[White "Izrailov, Inna"]
[Black "Ross, Paul"]
[Result "0-1"]
[WhiteElo "2205"]
[BlackElo "2235"]
[PlyCount "78"]
[GameId "2160767912586754"]
[EventDate "1988.02.08"]
[EventType "swiss"]
[EventRounds "9"]
[EventCountry "CAN"]
[SourceTitle "CBM 06"]

1. e4 e6 2. d4 d5 3. Nc3 Nf6 4. e5 Nfd7 5. Nf3 b6 6. Bd3 Ba6 7. Bg5 Be7 8. Bxe7 Qxe7 9. O-O O-O 10. Nb5 Bxb5 11. Bxb5 c5 12. c4 Rd8 13. Rc1 Nf8 14. cxd5 exd5 15. dxc5 bxc5 16. Qc2 a6 17. Ba4 Ne6 18. Rfd1 Ra7 19. Rd2 Rc7 20. Rcd1 d4 21. Qc4 Rb7 22. a3 Rb6 23. Rc1 Nd7 24. Rdc2 Ndf8 25. Qd3 Nf4 26. Qd2 d3 27. Rxc5 Ne2+ 28. Kf1 Nxc1 29. Rxc1 Ng6 30. Re1 h6 31. Re3 Qc5 32. b4 Qc4 33. Ne1 Re6 34. Nf3 Rd5 35. g3 Nxe5 36. Bd1 Nxf3 37. Rxf3 Re2 38. Qf4 Qxf4 39. Rxf4 Ra2 0-1

[Event "Saint John op-2"]
[Site "Saint John CAN"]
[Date "1988.??.??"]
[Round "?"]
[White "Johnstone, Glenn"]
[Black "Ball, Stephen"]
[Result "0-1"]
[WhiteElo "2350"]
[BlackElo "2230"]
[PlyCount "116"]
[GameId "2160767912586756"]
[EventDate "1988.02.08"]
[EventType "swiss"]
[EventRounds "9"]
[EventCountry "CAN"]
[SourceTitle "CBM 06"]

1. e4 e6 2. d4 d5 3. Nc3 b6 4. Nf3 Bb4 5. e5 Qd7 6. Bd2 Ba6 7. Ne2 Bf8 8. a4 Ne7 9. h4 h5 10. g3 c5 11. c3 Nbc6 12. b4 Bc4 13. Bh3 Ng6 14. b5 Na5 15. O-O Bxe2 16. Qxe2 c4 17. Be3 Ne7 18. Nd2 g6 19. Bg5 Bh6 20. Bf6 Bxd2 21. Bxh8 Bxc3 22. Rad1 Nb3 23. Qe3 Bb2 24. Rfe1 a6 25. Re2 Bxd4 26. Rxd4 Nxd4 27. Qxd4 axb5 28. Bf6 Qc6 29. axb5 Qc5 30. Qf4 c3 31. Re1 d4 32. Bxe7 Kxe7 33. Bg2 Rc8 34. Bc6 Kf8 35. Qf6 Kg8 36. Ra1 c2 37. Qf4 d3 38. Qd2 Qxe5 39. Re1 Qd6 40. Re3 Rd8 41. Kh2 Qc5 42. Re1 e5 43. Kg2 Kg7 44. f4 exf4 45. gxf4 Rd4 46. Kg3 Qf5 47. Bf3 Rxf4 48. Qxf4 Qxf4+ 49. Kxf4 d2 50. Rd1 c1=Q 51. Ke3 Qc3+ 52. Ke2 Qc4+ 53. Kxd2 Qxb5 54. Rh1 Qb2+ 55. Kd3 Qb3+ 56. Ke2 Qc2+ 57. Ke3 f5 58. Rd1 Qh2 0-1

[Event "Saint John op-2"]
[Site "Saint John CAN"]
[Date "1988.??.??"]
[Round "?"]
[White "Johnstone, Glenn"]
[Black "Lindsay, Fred"]
[Result "0-1"]
[WhiteElo "2350"]
[BlackElo "2250"]
[PlyCount "72"]
[GameId "2160767912586759"]
[EventDate "1988.02.08"]
[EventType "swiss"]
[EventRounds "9"]
[EventCountry "CAN"]
[SourceTitle "CBM 006"]
[Source "ChessBase"]
[SourceDate "2004.01.01"]
[SourceVersion "1"]
[SourceVersionDate "2004.01.01"]
[SourceQuality "1"]

1. e4 e6 2. d4 d5 3. Nc3 Bb4 4. e5 c5 5. a3 Bxc3+ 6. bxc3 Qc7 7. Qg4 f6 8. exf6 Nxf6 9. Qg3 Qf7 10. Nh3 O-O 11. Bd3 Nc6 12. O-O c4 13. Be2 Ne4 14. Qe3 e5 15. dxe5 Nxe5 16. f3 Nf6 17. Nf2 Re8 18. Bd1 Bf5 19. Qg5 Qd7 20. Qh4 Qa4 21. Rb1 b6 22. Qf4 Bg6 23. g4 Rad8 24. Qd2 Nc6 25. f4 Ne4 26. Nxe4 Bxe4 27. f5 Qa5 28. f6 Rd7 29. Qf4 Bg6 30. Bf3 gxf6 31. Qxf6 Qc5+ 32. Kg2 Ne5 33. Bh6 Rf7 34. Qg5 Nxf3 35. Rxf3 Re2+ 36. Kg3 Rxf3+ 0-1

[Event "Saint John op-2"]
[Site "Saint John CAN"]
[Date "1988.??.??"]
[Round "?"]
[White "Jussupow (Yusupov), Artur"]
[Black "Ivanovic, Bozidar"]
[Result "1/2-1/2"]
[WhiteElo "2620"]
[BlackElo "2530"]
[PlyCount "165"]
[GameId "2160767912586764"]
[EventDate "1988.02.08"]
[EventType "swiss"]
[EventRounds "9"]
[EventCountry "CAN"]
[SourceTitle "CBM 06"]

1. d4 Nf6 2. c4 e6 3. Nf3 Bb4+ 4. Nbd2 b6 5. a3 Bxd2+ 6. Bxd2 Bb7 7. Bg5 d6 8. e3 Nbd7 9. Qc2 Qe7 10. Rd1 h6 11. Bh4 Rc8 12. b4 c5 13. Be2 O-O 14. O-O Rfd8 15. Qb2 Nf8 16. bxc5 bxc5 17. Bxf6 gxf6 18. Rd2 Be4 19. dxc5 dxc5 20. Rfd1 Rb8 21. Qc3 Bxf3 22. Bxf3 Rxd2 23. Qxd2 Qc7 24. Bh5 Kg7 25. Qe2 Rd8 26. Qg4+ Ng6 27. Rxd8 Qxd8 28. Bxg6 fxg6 29. h4 Qb6 30. Qe4 h5 31. g3 e5 32. Qd5 Qc7 33. Kg2 f5 34. e4 fxe4 35. Qxe4 Qe7 36. a4 a5 37. Qa8 Qc7 38. Qa6 Kf7 39. Kf3 Kg7 40. Ke2 Kf7 41. Kf1 e4 42. Qa8 Qe5 43. Qxa5 e3 44. Qa7+ Kf8 45. Qa8+ Kg7 46. Qb7+ Kh8 47. Qc8+ Kh7 48. Qd7+ Kh8 49. Qd3 Qa1+ 50. Ke2 exf2 51. Kxf2 Qxa4 52. Qd8+ Kg7 53. Qe7+ Kg8 54. Qxc5 Qc2+ 55. Ke3 Qc3+ 56. Kf4 Qc1+ 57. Ke5 Qc3+ 58. Kf4 Qc1+ 59. Ke4 Qc2+ 60. Ke5 Qc3+ 61. Qd4 Qxg3+ 62. Kf6 Qf3+ 63. Kg5 Qf7 64. Kh6 Qh7+ 65. Kg5 Qf7 66. Qf4 Qe6 67. Kh6 Qd7 68. Qf6 Qd2+ 69. Qg5 Qe2 70. Kxg6 Qg4 71. c5 Kf8 72. c6 Ke8 73. Kh6 Qe6+ 74. Kg7 Qf7+ 75. Kh8 Qf6+ 76. Kh7 Qxc6 77. Qxh5+ Ke7 78. Qe5+ Kf8 79. Qg7+ Ke8 80. Qe5+ Kf8 81. h5 Qd7+ 82. Kh8 Qf7 83. Qg5 1/2-1/2

[Event "Saint John op-2"]
[Site "Saint John CAN"]
[Date "1988.??.??"]
[Round "?"]
[White "Jussupow (Yusupov), Artur"]
[Black "Zapata, Alonso"]
[Result "1-0"]
[WhiteElo "2620"]
[BlackElo "2500"]
[PlyCount "91"]
[GameId "2160767912586765"]
[EventDate "1988.02.08"]
[EventType "swiss"]
[EventRounds "9"]
[EventCountry "CAN"]
[SourceTitle "CBM 06"]

1. d4 Nf6 2. c4 c5 3. d5 d6 4. Nc3 g6 5. e4 Bg7 6. Be2 e6 7. Bg5 O-O 8. Qd2 exd5 9. exd5 a6 10. a4 Re8 11. Nf3 Bg4 12. O-O Nbd7 13. h3 Bxf3 14. Bxf3 Qe7 15. Rae1 Qf8 16. Bd1 h6 17. Bf4 Nh7 18. Bc2 Ne5 19. b3 f5 20. Bg3 Qf6 21. Ne2 Nf8 22. f4 Ned7 23. Bd3 Re7 24. Bf2 a5 25. Nc1 Rxe1 26. Rxe1 Qc3 27. Qd1 Nf6 28. Na2 Qb2 29. Re2 Qa3 30. Be3 Re8 31. Bc1 Rxe2 32. Bxa3 Rxa2 33. Qb1 Rxa3 34. Qb2 Nxd5 35. Qxa3 Nxf4 36. Bf1 Bd4+ 37. Kh1 Nh5 38. g4 Ng3+ 39. Kg2 Nxf1 40. Kxf1 fxg4 41. hxg4 h5 42. gxh5 gxh5 43. Qa2 Kf7 44. Qg2 Ke7 45. Qxb7+ Nd7 46. Qe4+ 1-0

[Event "Saint John op-2"]
[Site "Saint John CAN"]
[Date "1988.??.??"]
[Round "?"]
[White "Kristensen, Bjarke"]
[Black "Dzindzichashvili, Roman"]
[Result "1/2-1/2"]
[WhiteElo "2300"]
[BlackElo "2530"]
[PlyCount "41"]
[GameId "2160767912586769"]
[EventDate "1988.02.08"]
[EventType "swiss"]
[EventRounds "9"]
[EventCountry "CAN"]
[SourceTitle "CBM 06"]

1. d4 Nf6 2. c4 e6 3. Nc3 Bb4 4. e3 c5 5. Nge2 cxd4 6. exd4 O-O 7. a3 Be7 8. g3 d5 9. cxd5 Nxd5 10. Bg2 Nxc3 11. bxc3 Nc6 12. O-O Na5 13. Rb1 Bd7 14. Nf4 Qc7 15. c4 Rad8 16. Qh5 g6 17. Qh6 Rfe8 18. d5 Bf8 19. Qh4 Be7 20. Qh6 Bf8 21. Qh4 1/2-1/2

[Event "Saint John op-2"]
[Site "Saint John CAN"]
[Date "1988.??.??"]
[Round "?"]
[White "Kristensen, Bjarke"]
[Black "Gruenfeld, Yehuda"]
[Result "1-0"]
[WhiteElo "2300"]
[BlackElo "2550"]
[PlyCount "71"]
[GameId "2160767912586770"]
[EventDate "1988.02.08"]
[EventType "swiss"]
[EventRounds "9"]
[EventCountry "CAN"]
[SourceTitle "CBM 06"]

1. d4 Nf6 2. Nf3 g6 3. g3 Bg7 4. Bg2 O-O 5. O-O d6 6. b3 a5 7. Bb2 a4 8. c4 c6 9. b4 Be6 10. Nfd2 d5 11. c5 Nbd7 12. a3 b6 13. cxb6 Nxb6 14. Nc3 Qd7 15. Rc1 Bh3 16. e3 Bxg2 17. Kxg2 Ne8 18. Ne2 Nd6 19. Nf4 Nbc4 20. Nd3 Qf5 21. Nxc4 Nxc4 22. Qe2 Rfe8 23. Rfd1 f6 24. Nc5 e5 25. e4 Qc8 26. Rxc4 dxc4 27. Qxc4+ Kh8 28. dxe5 fxe5 29. Rd7 Rg8 30. Qe6 Qf8 31. Rxg7 Rxg7 32. Qxe5 Re8 33. Ne6 Qf7 34. Qxg7+ Qxg7 35. Nxg7 Rxe4 36. Ne8+ 1-0

[Event "Saint John op-2"]
[Site "Saint John CAN"]
[Date "1988.??.??"]
[Round "?"]
[White "Kristensen, Bjarke"]
[Black "Jussupow (Yusupov), Artur"]
[Result "1/2-1/2"]
[WhiteElo "2300"]
[BlackElo "2620"]
[PlyCount "44"]
[GameId "2160767912586772"]
[EventDate "1988.02.08"]
[EventType "swiss"]
[EventRounds "9"]
[EventCountry "CAN"]
[SourceTitle "CBM 06"]

1. e4 e6 2. d4 d5 3. Nd2 Nf6 4. e5 Nfd7 5. Ngf3 c5 6. c4 Nc6 7. cxd5 exd5 8. Bd3 Be7 9. O-O O-O 10. Re1 Re8 11. a3 a5 12. h3 h6 13. Nf1 cxd4 14. Ng3 Nc5 15. Bc2 d3 16. Bxd3 Nxd3 17. Qxd3 Be6 18. Be3 a4 19. Bd4 Qa5 20. Rad1 Rac8 21. Bc3 Qa6 22. Qe3 Bf8 1/2-1/2

[Event "Saint John op-2"]
[Site "Saint John CAN"]
[Date "1988.??.??"]
[Round "?"]
[White "Kristensen, Bjarke"]
[Black "Vaganian, Rafael"]
[Result "1/2-1/2"]
[WhiteElo "2300"]
[BlackElo "2625"]
[PlyCount "67"]
[GameId "2160767912586773"]
[EventDate "1988.02.08"]
[EventType "swiss"]
[EventRounds "9"]
[EventCountry "CAN"]
[SourceTitle "CBM 06"]

1. e4 Nf6 2. Nc3 d5 3. exd5 Nxd5 4. Nf3 Bg4 5. d4 e6 6. Nxd5 Qxd5 7. Be2 Nc6 8. h3 Bh5 9. O-O O-O-O 10. Be3 Be7 11. c4 Qa5 12. a3 Bxf3 13. Bxf3 Bf6 14. b4 Qf5 15. Bxc6 bxc6 16. Qa4 Bxd4 17. b5 c5 18. Bxd4 cxd4 19. Qxa7 Qe4 20. Rfd1 Qb7 21. Qc5 Qb6 22. Qb4 d3 23. c5 Qb7 24. a4 Rd5 25. a5 Rg5 26. g3 Qf3 27. Rd2 Rd8 28. Kh2 Re5 29. c6 Re2 30. Rxe2 dxe2 31. Qc5 Rd1 32. Qf8+ Rd8 33. Qc5 Rd1 34. Qf8+ 1/2-1/2

[Event "Saint John op-2"]
[Site "Saint John CAN"]
[Date "1988.??.??"]
[Round "?"]
[White "Kuczynski, Robert"]
[Black "Finegold, Gina Lynne"]
[Result "1/2-1/2"]
[WhiteElo "2485"]
[BlackElo "2060"]
[PlyCount "64"]
[GameId "2160767912586774"]
[EventDate "1988.02.08"]
[EventType "swiss"]
[EventRounds "9"]
[EventCountry "CAN"]
[SourceTitle "CBM 006"]
[Source "ChessBase"]
[SourceDate "2004.01.01"]
[SourceVersion "1"]
[SourceVersionDate "2004.01.01"]
[SourceQuality "1"]

1. e4 c6 2. d4 d5 3. Nd2 dxe4 4. Nxe4 Nd7 5. Bc4 Ngf6 6. Ng5 e6 7. Qe2 Nb6 8. Bd3 h6 9. N5f3 c5 10. dxc5 Bxc5 11. Ne5 Nbd7 12. Ngf3 Nxe5 13. Nxe5 O-O 14. O-O b6 15. b4 Bd6 16. Bb2 Bb7 17. Rad1 Qe7 18. a3 a5 19. Nc4 Bc7 20. Ne3 axb4 21. Nf5 Qc5 22. Bd4 Qa5 23. axb4 Qxb4 24. Rb1 Qa4 25. Bb5 Ba6 26. c4 Bxb5 27. Ne7+ Kh8 28. Rxb5 Qa2 29. Qxa2 Rxa2 30. Bxb6 Bxb6 31. Rxb6 Rc2 32. Rc6 Ne4 1/2-1/2

[Event "Saint John op-2"]
[Site "Saint John CAN"]
[Date "1988.??.??"]
[Round "?"]
[White "Kuczynski, Robert"]
[Black "Garcia, Gildardo"]
[Result "0-1"]
[WhiteElo "2485"]
[BlackElo "2430"]
[PlyCount "128"]
[GameId "2160767912586775"]
[EventDate "1988.02.08"]
[EventType "swiss"]
[EventRounds "9"]
[EventCountry "CAN"]
[SourceTitle "CBM 06"]

1. e4 e5 2. Nf3 Nc6 3. Bc4 Bc5 4. c3 Nf6 5. d3 a6 6. O-O d6 7. Bb3 O-O 8. Nbd2 Be6 9. Nc4 h6 10. a4 Re8 11. a5 Ba7 12. Be3 Ne7 13. Bxa7 Rxa7 14. Ne3 Ng6 15. Bxe6 fxe6 16. g3 Qd7 17. Ra4 Qf7 18. Kg2 Rf8 19. Rb4 Ne7 20. Nd2 Nc6 21. Ra4 Qg6 22. Qb3 Nh5 23. Kh1 Kh7 24. d4 exd4 25. cxd4 Nf6 26. f3 Qg5 27. f4 Qb5 28. e5 Nd5 29. Nxd5 exd5 30. Qc2+ Kg8 31. Raa1 Nxd4 32. Qxc7 dxe5 33. Qxe5 Nc6 34. Qe6+ Kh7 35. f5 Rf6 36. Qe8 b6 37. axb6 Re7 38. Qc8 Re2 39. Nf3 Rxb2 40. Qxa6 Qb3 41. Rad1 Rxf5 42. Rd3 Qc4 43. Qxc4 dxc4 44. Rc3 Nd4 45. g4 Rf6 46. g5 Rxf3 47. Rfxf3 Nxf3 48. Rxf3 Rxb6 49. Rc3 Rc6 50. gxh6 Kxh6 51. Kg2 Kg5 52. Kf3 Kh4 53. Ke2 g5 54. Kf2 Kg4 55. Ke2 Kf4 56. h3 Re6+ 57. Kf2 Re4 58. Rf3+ Ke5 59. Rg3 Kd4 60. Rxg5 c3 61. Rg1 c2 62. Kg3 Kd3 63. h4 Kd2 64. Rg2+ Kc3 0-1

[Event "Saint John op-2"]
[Site "Saint John CAN"]
[Date "1988.??.??"]
[Round "?"]
[White "Kuczynski, Robert"]
[Black "Perenyi, Bela"]
[Result "0-1"]
[WhiteElo "2485"]
[BlackElo "2370"]
[PlyCount "156"]
[GameId "2160767912586777"]
[EventDate "1988.02.08"]
[EventType "swiss"]
[EventRounds "9"]
[EventCountry "CAN"]
[SourceTitle "CBM 06"]

1. e4 c5 2. Nf3 d6 3. d4 cxd4 4. Nxd4 Nf6 5. Nc3 g6 6. Be3 Bg7 7. f3 Nc6 8. Qd2 O-O 9. O-O-O Be6 10. Kb1 Nxd4 11. Bxd4 Qc7 12. g4 Rfc8 13. h4 Qa5 14. a3 Rab8 15. Bxf6 Bxf6 16. Nd5 Qxd2 17. Nxf6+ Kg7 18. Ne8+ Rxe8 19. Rxd2 h6 20. g5 Rh8 21. Rdh2 Rbc8 22. Bd3 Rc5 23. f4 Bc4 24. Rh3 b6 25. gxh6+ Rxh6 26. Rg3 Kf6 27. Rg5 Bxd3 28. cxd3 e5 29. fxe5+ Rxe5 30. Rg4 Reh5 31. Rf1+ Ke6 32. Rff4 f5 33. Rg2 Ke5 34. Rff2 Rxh4 35. exf5 gxf5 36. Rg7 Rh7 37. Re2+ Kd4 38. Rg6 Kxd3 39. Rf2 f4 40. Rxd6+ Ke3 41. Rc2 Rf7 42. Rc3+ Ke4 43. Rcd3 Rh1+ 44. Kc2 Rh2+ 45. Kc3 Rc7+ 46. Kb3 Rc5 47. R6d4+ Ke5 48. Rd7 a6 49. Re7+ Kf5 50. Rd6 Rb5+ 51. Ka4 Kg4 52. Rg6+ Kf3 53. Rf7 Re2 54. b4 Re4 55. Rgf6 Ke3 56. Rf8 Rd4 57. Kb3 Kf3 58. Re8 Re4 59. Rd8 Ke2 60. Rdf8 Re3+ 61. Ka4 f3 62. Rd6 Re4 63. Kb3 Rbe5 64. Rh6 Re3+ 65. Ka4 b5+ 66. Ka5 Rxa3+ 67. Kb6 Re4 68. Rh2+ Kf1 69. Rh1+ Kg2 70. Rfh8 Rg4 71. R1h2+ Kg3 72. R2h3+ Kf4 73. Rf8+ Ke4 74. Re8+ Kd4 75. Rf8 Kc4 76. Rhxf3 Rxf3 77. Rxf3 Kxb4 78. Kxa6 Rg6+ 0-1

[Event "Saint John op-2"]
[Site "Saint John CAN"]
[Date "1988.??.??"]
[Round "?"]
[White "La Rota, Fabio"]
[Black "Basanta, Gary"]
[Result "0-1"]
[WhiteElo "2295"]
[BlackElo "2215"]
[PlyCount "124"]
[GameId "2160767912586779"]
[EventDate "1988.02.08"]
[EventType "swiss"]
[EventRounds "9"]
[EventCountry "CAN"]
[SourceTitle "CBM 06"]

1. e4 c5 2. Nc3 e6 3. g3 d5 4. d3 Nc6 5. Bg2 d4 6. Nce2 e5 7. f4 f6 8. Nf3 Be7 9. f5 Bd7 10. O-O g6 11. fxg6 hxg6 12. Nh4 g5 13. Nf5 Nh6 14. c4 Qc8 15. g4 Nxg4 16. Neg3 Nxh2 17. Rf2 g4 18. Bh6 Nf3+ 19. Bxf3 gxf3 20. Qxf3 Bxf5 21. Nxf5 Qd7 22. Bg7 Rg8 23. Qh5+ Kd8 24. Rg2 Kc7 25. a3 Qe6 26. Rf1 Bf8 27. Qh6 Bxg7 28. Nxg7 Qd7 29. Rxf6 Kb6 30. Rd6 Qf7 31. b4 a6 32. Rf6 Qe7 33. Re6 Qf7 34. Rxe5 Qf3 35. Rf5 Qxd3 36. bxc5+ Ka7 37. Rf7 Qxe4 38. Qe6 Qxe6 39. Nxe6 Rxg2+ 40. Kxg2 Re8 41. Nc7 Re2+ 42. Rf2 Re5 43. Nd5 Ne7 44. Nxe7 Rxe7 45. Rd2 Re4 46. Kf3 Re3+ 47. Kf4 Rxa3 48. Rxd4 Kb8 49. Ke5 Kc7 50. Rh4 Rd3 51. Rh6 a5 52. Rb6 a4 53. Rb4 Kc6 54. Rxa4 Kxc5 55. Ra7 Rd7 56. Ra4 b6 57. Ke4 Rd4+ 58. Ke3 Rxc4 59. Ra8 Kb4 60. Rh8 Rc6 61. Kd3 b5 62. Rh1 Ka3 0-1

[Event "Saint John op-2"]
[Site "Saint John CAN"]
[Date "1988.??.??"]
[Round "?"]
[White "La Rota, Fabio"]
[Black "Shirazi, Kamran"]
[Result "1-0"]
[WhiteElo "2295"]
[BlackElo "2455"]
[PlyCount "119"]
[GameId "2160767912586782"]
[EventDate "1988.02.08"]
[EventType "swiss"]
[EventRounds "9"]
[EventCountry "CAN"]
[SourceTitle "CBM 06"]

1. e4 c5 2. Nc3 e6 3. g3 d5 4. Bg2 d4 5. Nb1 d3 6. cxd3 Nc6 7. Ne2 Qxd3 8. O-O Nf6 9. Nf4 Qa6 10. Nc3 Bd6 11. a4 Bxf4 12. gxf4 O-O 13. e5 Nd5 14. Nxd5 exd5 15. Bxd5 Bh3 16. Re1 Rad8 17. Be4 Rd4 18. Ra3 Bc8 19. Qh5 g6 20. Rg3 Ne7 21. d3 c4 22. Be3 Rxd3 23. Bxd3 cxd3 24. Bc5 Nf5 25. Qd1 Rd8 26. Bd6 Nxg3 27. hxg3 h5 28. b4 Bf5 29. f3 Qc4 30. Qd2 Rc8 31. Bc5 Qd5 32. e6 fxe6 33. Qf2 b6 34. Be3 Rc2 35. Bd2 Kh7 36. a5 Rxd2 37. Qxd2 Qxf3 38. Re3 Qd5 39. Re5 Qd4+ 40. Kh2 Qc4 41. Re1 Bg4 42. Re3 Be2 43. axb6 axb6 44. Qb2 Bf1 45. Kg1 Qd5 46. Qd2 Be2 47. Kh2 Kg7 48. Qc3+ Kf7 49. Qc7+ Kf6 50. Qc3+ Ke7 51. Qg7+ Kd6 52. Re5 Qf3 53. Qf8+ Kc7 54. Qe7+ Kb8 55. Qd6+ Ka7 56. Qd7+ Kb8 57. Qd4 Qc6 58. b5 Qc2 59. Qxb6+ Ka8 60. Rc5 1-0

[Event "Saint John op-2"]
[Site "Saint John CAN"]
[Date "1988.??.??"]
[Round "?"]
[White "Lalic, Bogdan"]
[Black "Basanta, Gary"]
[Result "1-0"]
[WhiteElo "2495"]
[BlackElo "2215"]
[PlyCount "111"]
[GameId "2160767912586783"]
[EventDate "1988.02.08"]
[EventType "swiss"]
[EventRounds "9"]
[EventCountry "CAN"]
[SourceTitle "CBM 06"]

1. d4 c5 2. d5 Nf6 3. c4 b5 4. cxb5 a6 5. bxa6 Bxa6 6. Nf3 e6 7. Nc3 Qa5 8. Bd2 Qb6 9. e4 Bb7 10. Bd3 exd5 11. exd5 Be7 12. O-O O-O 13. Re1 Re8 14. Bc4 Na6 15. Ng5 Bd6 16. Nce4 Nxe4 17. Nxe4 Be5 18. Bc3 Nc7 19. g3 Bd4 20. Qh5 Qg6 21. Qxg6 hxg6 22. Bxd4 cxd4 23. Rad1 Nxd5 24. Nd6 Rxe1+ 25. Rxe1 Bc6 26. Rd1 Kf8 27. Rxd4 Ke7 28. Nxf7 Kxf7 29. Rxd5 Ke7 30. Rd1 Ra4 31. Bb3 Re4 32. Bd5 Re2 33. Bxc6 dxc6 34. Rb1 g5 35. Kf1 Rc2 36. Re1+ Kf6 37. Re2 Rc1+ 38. Kg2 Kf5 39. Re7 Rc2 40. Rb7 g6 41. a4 Rc1 42. b4 Ra1 43. a5 Ra4 44. Rb6 c5 45. Rb5 Rxb4 46. Rxc5+ Kf6 47. Rc8 Ra4 48. Ra8 g4 49. a6 Ra2 50. a7 Kg7 51. h3 gxh3+ 52. Kxh3 Ra5 53. f4 Kh7 54. g4 Kg7 55. f5 Ra3+ 56. Kh4 1-0

[Event "Saint John op-2"]
[Site "Saint John CAN"]
[Date "1988.??.??"]
[Round "?"]
[White "Lalic, Bogdan"]
[Black "Fong, Juan"]
[Result "1-0"]
[WhiteElo "2495"]
[BlackElo "2220"]
[PlyCount "53"]
[GameId "2160767912586784"]
[EventDate "1988.02.08"]
[EventType "swiss"]
[EventRounds "9"]
[EventCountry "CAN"]
[SourceTitle "CBM 006"]
[Source "ChessBase"]
[SourceDate "2004.01.01"]
[SourceVersion "1"]
[SourceVersionDate "2004.01.01"]
[SourceQuality "1"]

1. d4 Nf6 2. c4 c5 3. d5 b5 4. cxb5 a6 5. bxa6 Bxa6 6. Nc3 Qa5 7. Bd2 Qb6 8. Qb3 Qxb3 9. axb3 Bb7 10. Rxa8 Bxa8 11. e4 e6 12. Bc4 Nxe4 13. Nge2 Nxd2 14. Kxd2 exd5 15. Ra1 Bc6 16. Bxd5 g6 17. Ra5 d6 18. Ra7 Bh6+ 19. f4 O-O 20. g3 Bg7 21. Bxc6 Nxc6 22. Ra6 Rc8 23. Nd5 Bf8 24. Rb6 Na5 25. Rb5 Nc6 26. g4 Re8 27. Nf6+ 1-0